Joni Mitchell Songs - Sudden Death - Statistics

General Stats
  • This quiz has been taken 97 times
  • The average score is 12 of 31
Answers on the Grid
Answers color-coded by a green-red scale on the quiz's grid according to % correct below.
California
Big Yellow Taxi
Willy
So Far Away
River
Lilith Fair
Jericho
Little Blue
Marlene On The Wall
The Circle Game
Because The Night
Help Me
Night Ride Home
You Turn Me On I'm A Radio
Both Sides Now
Like A Rolling Stone
Song For Tracey
Edith And The Kingpin
For Free
Car On A Mountain
Free Man In Paris
A Case Of You
Woodstock
Suzanne
Chelsea Morning
Song For A Pigeon
In France They Kiss On Main Street
Coyote
Brunette In The Bleachers
My Secret Place
Canada
Night In The City
One Week Last Summer
Carey
Shades Of Sapphire Conquering
Son Of A Preacher Man
Blue
All I Want
Diamonds And Rust
The Hissing Of Summer Lawns
Raised On Robbery
Paprika Plains
Who Knows Where The Time Goes
At Seventeen
The Dry Cleaner From Des Moines
Don Juan's Sensible Son
Ladies Of The Canyon
The Same Situation
Woman From Venus
Dog Eat Dog
 
Answer Stats
Answer % Correct
Big Yellow Taxi
93%
California
85%
River
76%
Both Sides Now
67%
The Circle Game
58%
A Case Of You
51%
Chelsea Morning
47%
You Turn Me On I'm A Radio
47%
Blue
45%
Help Me
45%
Carey
42%
Coyote
42%
Ladies Of The Canyon
42%
Free Man In Paris
38%
Woodstock
38%
All I Want
36%
For Free
36%
The Hissing Of Summer Lawns
36%
In France They Kiss On Main Street
31%
Jericho
31%
Dog Eat Dog
29%
Edith And The Kingpin
29%
Night Ride Home
27%
Raised On Robbery
27%
Willy
27%
The Same Situation
22%
Night In The City
20%
Paprika Plains
16%
The Dry Cleaner From Des Moines
16%
My Secret Place
11%
One Week Last Summer
9%
No matching quizzes found
Score Distribution
Percent of People with Each Score
Percentile by Number Answered
Your Score History
You have not taken this quiz